2016 NCAA Women's Gymnastics Regional Qualifiers - Statistics

General Stats
  • This quiz has been taken 133 times
  • The average score is 24 of 36
Answer Stats
RQS Answer % Correct
197.055 UCLA
98%
197.795 Florida
95%
197.400 Alabama
94%
197.010 Georgia
93%
197.920 Oklahoma
93%
197.130 Michigan
90%
197.695 LSU
89%
197.205 Utah
89%
196.155 Arizona
86%
196.330 Iowa
84%
196.360 Washington
84%
196.205 Kentucky
81%
196.495 Minnesota
81%
196.575 Oregon State
80%
196.235 Missouri
77%
195.960 Penn State
77%
197.150 Auburn
75%
196.575 Arkansas
74%
195.870 Illinois
74%
196.355 Stanford
73%
195.385 Michigan State
72%
196.635 Nebraska
72%
195.885 Ohio State
70%
196.770 California
69%
196.725 Denver
59%
195.550 BYU
57%
195.525 Utah State
53%
195.940 West Virginia
47%
196.570 Boise State
36%
195.440 Central Michigan
32%
196.050 Southern Utah
28%
196.040 Eastern Michigan
27%
195.595 Kent State
22%
195.485 New Hampshire
22%
195.905 George Washington
20%
195.455 Bowling Green
11%
No matching quizzes found
Score Distribution
Percent of People with Each Score
Percentile by Number Answered
Your Score History
You have not taken this quiz